| 000 | 00607 a2200169 4500 | ||
|---|---|---|---|
| 020 | _a0521582334 | ||
| 020 | _a9780521582339 | ||
| 082 | 0 | 4 | _a515.353 |
| 090 |
_c250 _d250 |
||
| 100 | 1 | _aSerre, Denis. | |
| 245 | 1 | 0 |
_aSystems of conservation laws 1 : _bHyperbolicity, Enttropies, Shock Waves / _cDenis Serre, I. N. Sneddon. |
| 260 |
_a[S.l.] : _bCambridge University Press, _c1999. |
||
| 300 |
_a263 p. ; _c25 cm. |
||
| 700 | 1 | _aSneddon, I. N. | |
| 942 |
_aSNS _cBK _k515.353 SER |
||
| 999 |
_c28885 _d28885 |
||